| 000 | 01921nam0a2200349 4500 | ||
|---|---|---|---|
| 001 | RU\NLR\bibl\1668436 | ||
| 005 | 20260407141000.0 | ||
| 010 |
_a978-5-9574-0032-5 _9150 |
||
| 021 |
_aRU _b2010-55193 _93619 |
||
| 035 | _a(nilc)RSL-KNO-004710264 | ||
| 035 | _a(NLR Aleph) 001659707 | ||
| 090 |
_a973821 _c973821 |
||
| 100 | _a20100726d2009 |||y0rusy50 ca | ||
| 101 | 0 | _arus | |
| 102 | _aRU | ||
| 105 | _ay zzzz||||| | ||
| 200 | 1 |
_aРейтинг регионов _e(методические подходы к сравнительной оценке социально-экономического развития субъектов Российской Федерации) : к 15-летию счетной палаты Российской Федерации _f[Иванова Е. И., Мартышкин Г. С.] _gГос. научно-исслед. ин-т системного анализа Счетной палаты Российской Федерации (НИИ СП) |
|
| 210 |
_aМосква _cФоргрейфер _d2009 |
||
| 215 |
_a124 с. _cтабл. _d24 |
||
| 320 | _aБиблиогр.: с. 123-124 | ||
| 607 |
_aРоссийская Федерация _xСубъекты _xСоциально-экономическое развитие _92117591 _3RU\NLR\auth\661279089 |
||
| 610 | 0 | _aЭкономика -- Российская Федерация | |
| 686 |
_aУ9(2),0 _2rubbk |
||
| 686 | _aУ03(2Р)74 | ||
| 700 | 1 |
_4070 _8rus _7ca _aИванова _bЕ. И. _cд-р экон. наук, гос. аудит _f1946- _gЕлена Ивановна _3RU\NLR\AUTH\7746307 _929242 |
|
| 701 | 1 |
_aМартышкин _bГ. С. _4070 |
|
| 712 | 0 | 2 |
_4570 _aГосударственный НИИ системного анализа _cМосква _3RU\NLR\AUTH\8810083839 _9669699 |
| 801 | 0 |
_aRU _bРГБ _c20100726 _grcr |
|
| 801 | 1 |
_aRU _bРГБ _c20100726 |
|
| 801 | 2 |
_aRU _bNLR _c20100827 _grcr |
|
| 942 | _cBOOK | ||
| 980 | _aNB | ||